01224nam a2200253Ia 450000500170000000800410001708200210005811000520007924501000013125000190023130000420025050001060029261000580039865000410045694200130049726400510051033600270056133700330058833800280062104000350064999900150068495201360069995201350083520220317001241.0160825s2000 ck a g 000 0 spa 04aR 708.074bB31pa2 aBiblioteca Luis Ángel Arango. Bogotá96824713aEl paisaje interpretadobun vehículo para recuperar el futurocBiblioteca Luis Ángel Arango a1a. edición  a32 páginas bilustraciones c24 cm  aNota en la portada: Exposición itinerante. Obras de la Colección Permanente La mirada transversal aBiblioteca Luis Ángel Arango vExposiciones 967860142LEMBaArte colombino vExposiciones  2ddccREF aBogotábBiblioteca Luis Ángel Arangoc2000 atextobtxt2rdacontent asin mediaciónbn2rdamedia avolumenbnc2rdacarrier aCO-BoRNBPbspaerdacCO-BoRNBP c6386d6386 00102ddc40708GENaMEDORADObMEDORADOcREFd2023-02-17l0oR 708.074 B31papDOR01255r2023-02-17 00:00:00tEj.1w2023-02-17yREF 00102ddc40708006aMESMARTIbMESMARTIcREFd2023-07-25l0oR 708.074 B31papSM002190r2023-07-25 21:01:29tEj.1w2023-07-25yBK